BIOCHEMISTRY AND FORESTRY MANAGEMENT (Record no. 216192)

MARC details
000 -LEADER
fixed length control field 00430nam a22001577a 4500
008 - FIXED-LENGTH DATA ELEMENTS--GENERAL INFORMATION
fixed length control field 251117b |||||||| |||| 00| 0 eng d
020 ## - INTERNATIONAL STANDARD BOOK NUMBER
International Standard Book Number 979-8-88715-02-91
100 ## - MAIN ENTRY--PERSONAL NAME
Personal name SMITH, JASPER LEONARD
245 ## - TITLE STATEMENT
Title BIOCHEMISTRY AND FORESTRY MANAGEMENT
260 ## - PUBLICATION, DISTRIBUTION, ETC.
Place of publication, distribution, etc. DUBLIN
Name of publisher, distributor, etc. ORYSON PRESS
Date of publication, distribution, etc. 2023
300 ## - PHYSICAL DESCRIPTION
Extent V, 316P.
500 ## - GENERAL NOTE
General note INCLUDES INDEX
650 ## - SUBJECT ADDED ENTRY
Topical term or geographic name entry element 1. BIOCHEMSTRY 2. FORESTRY
942 ## - ADDED ENTRY ELEMENTS (KOHA)
Source of classification or shelving scheme Library of Congress Classification
Koha item type Long Loan Book
Holdings
Withdrawn status Lost status Source of classification or shelving scheme Damaged status Not for loan Collection Home library Current library Shelving location Date acquired Inventory number Total checkouts Full call number Barcode Date last seen Copy number Price effective from Koha item type
    Library of Congress Classification     Science & Technology Kisii University Library Kisii University Library On Display 11/17/2025 109803   QH 345.5 .S45 2023 000000018499 11/17/2025 C.1 11/17/2025 Long Loan Book
    Library of Congress Classification     Science & Technology Kisii University Library Kisii University Library On Display 11/17/2025 109804   QH 345.5 .S45 2023 000000018500 11/17/2025 C.2 11/17/2025 Long Loan Book
    Library of Congress Classification     Science & Technology Kisii University Library Kisii University Library On Display 11/17/2025 109805   QH 345.5 .S45 2023 000000023604 11/17/2025 C.3 11/17/2025 Long Loan Book
    Library of Congress Classification     Science & Technology Kisii University Library Kisii University Library On Display 11/17/2025 109806   QH 345.5 .S45 2023 000000023605 11/17/2025 C.4 11/17/2025 Long Loan Book